Health care in big cities (Record no. 7817)

MARC details
000 -LEADER
fixed length control field 00393nam a2200145 4500
020 ## - INTERNATIONAL STANDARD BOOK NUMBER
ISBN 0856645907
050 ## - CALL NUMBER
Classification number RA394
Item number .H4
100 ## - AUTHOR
Personal name Paine, Leslie (ED)
245 ## - TITLE
Title Health care in big cities
Statement of responsibility, etc by Leslie Paine
260 ## - PUBLICATION INFORMATION
Place of publication New York :
Name of publisher St. Martin's Press,
Year of publication 1978
300 ## - DESCRIPTION
Number of Pages 368 pp;
500 ## - NOTES
General note includes index
650 ## - SUBJECTS
Topical Term Health services administration.
General subdivision medical care
942 ## - ADDED ENTRY ELEMENTS (KOHA)
Koha item type Books
Holdings
Withdrawn status Lost status Home library Current library Date acquired Full call number Accession Number Koha item type
    Methodist University Library Wenchi Nursing Methodist University Library Wenchi Nursing 07/10/2021 RA394 .H4 29466 Books
Copyright © 2026  MUG Library